000
00278nam a2200121Ia 4500
008
220120s9999||||xx |||||||||||||| ||und||
020
_a
864490003
082
_a
530 NIS
100
_a
Nisha, K
_9
11424
245
0
_a
Engineering Physics
260
_b
New York
300
_a
767p.
_b
0
999
_c
136442
_d
136442